000
00305nam a22001337a 4500
020
_a
0-521-49852
041
_a
ENG
100
_a
Frank H
245
_a
Statistics Cancepts And Applications
260
_a
Pune
_b
Caqmbridge Univeristy Press
_c
1994
300
_a
853
650
_a
M. Tech
856
_u
M.Tech
999
_c
481
_d
481